[Event "Canadian op"]
[Site "Calgary"]
[Date "2023.07.27"]
[Round "7"]
[White "Henry, Liam"]
[Black "Zhang, Michelle1111"]
[Result "1-0"]
[WhiteElo "2050"]
[BlackElo "1772"]
[PlyCount "97"]
[EventDate "2023.07.22"]
[EventType "swiss"]
[EventRounds "10"]
[EventCountry "CAN"]
[SourceTitle "EXT 2024"]
[Source "ChessBase"]
[SourceDate "2023.10.10"]
[SourceVersion "1"]
[SourceVersionDate "2023.10.10"]
[SourceQuality "1"]

1. Nf3 d5 2. g3 Nf6 3. Bg2 c6 4. 0-0 Bf5 5. d3 e6 6. Nfd2 d4 7. e4 dxe3 8. fxe3 Nbd7 9. Nc3 Be7 10. Qe2 0-0 11. Kh1 Qc7 12. e4 Bg4 13. Qe1 e5 14. h3 Bh5 15. g4 Bg6 16. Nf3 Nc5 17. Nh4 Ne6 18. Nf5 Bxf5 19. exf5 Nd4 20. Qf2 h6 21. Be3 Rad8 22. Rg1 Rd7 23. Be4 Nh7 24. h4 Qd8 25. g5 hxg5 26. f6 gxf6 27. Bxd4 Rxd4 28. Qf5 Rxe4 29. Nxe4 Qc8 30. Qf3 Kh8 31. Raf1 Qe6 32. b3 Rg8 33. Rg4 Rg6 34. Ng3 gxh4 35. Nf5 Bc5 36. Rxh4 Qd5 37. Qxd5 cxd5 38. Rf3 Rg5 39. d4 e4 40. Rfh3 Rxf5 41. Rxh7+ Kg8 42. dxc5 d4 43. Rh8+ Kg7 44. Re8 e3 45. Rg3+ Kh7 46. Re4 Rh5+ 47. Kg2 e2 48. Kf2 Rxc5 49. Rh4+ 1-0

[Event "Canadian op"]
[Site "Sault Ste Marie"]
[Date "2017.07.14"]
[Round "7"]
[White "Vovk, Andrey"]
[Black "Henry, Liam"]
[Result "1-0"]
[WhiteElo "2630"]
[BlackElo "2082"]
[PlyCount "53"]
[EventDate "2017.07.08"]
[EventType "swiss"]
[EventRounds "9"]
[EventCountry "CAN"]
[SourceTitle "EXT 2018"]
[Source "ChessBase"]
[SourceDate "2017.10.13"]
[SourceVersion "1"]
[SourceVersionDate "2017.10.13"]
[SourceQuality "1"]

1. e4 c5 2. Nf3 d6 3. d4 cxd4 4. Nxd4 Nf6 5. Nc3 a6 6. Bg5 e6 7. f4 h6 8. Bh4 Be7 9. Bf2 Qc7 10. Qf3 Nbd7 11. Bg3 b5 12. a3 Bb7 13. Bd3 Rc8 14. 0-0 0-0 15. Qe2 Nc5 16. Kh1 Qb6 17. Bf2 b4 18. axb4 Qxb4 19. Rfb1 d5 20. e5 Nfe4 21. Bxe4 Nxe4 22. Nxe4 dxe4 23. f5 exf5 24. Nxf5 Rfe8 25. Qg4 Bf8 26. Nxh6+ Kh7 27. Qf5+ 1-0

[Event "Canadian op"]
[Site "Sault Ste Marie"]
[Date "2017.07.12"]
[Round "5"]
[White "Hambleton, Aman"]
[Black "Henry, Liam"]
[Result "1-0"]
[WhiteElo "2471"]
[BlackElo "2082"]
[PlyCount "59"]
[EventDate "2017.07.08"]
[EventType "swiss"]
[EventRounds "9"]
[EventCountry "CAN"]
[SourceTitle "EXT 2018"]
[Source "ChessBase"]
[SourceDate "2017.10.13"]
[SourceVersion "1"]
[SourceVersionDate "2017.10.13"]
[SourceQuality "1"]

1. e4 c5 2. Ne2 d6 3. g3 Nc6 4. Bg2 g6 5. d4 cxd4 6. Nxd4 Bg7 7. Ne2 Nf6 8. Nbc3 0-0 9. 0-0 Bg4 10. h3 Bxe2 11. Nxe2 Qb6 12. Nf4 Rfc8 13. c3 Ne5 14. Nd5 Nxd5 15. exd5 Rc7 16. Re1 a5 17. a4 Nc4 18. Ra2 Rac8 19. Bf1 Qc5 20. b3 Ne5 21. c4 Bf6 22. h4 Nd7 23. h5 Qb4 24. Bh3 Re8 25. Kg2 Nc5 26. Re3 Qb6 27. Rae2 Qa7 28. Rf3 Qb8 29. Qe1 Rd8 30. Qxa5 1-0

[Event "Canadian op"]
[Site "Sault Ste Marie"]
[Date "2017.07.08"]
[Round "1"]
[White "Samsonkin, Artiom"]
[Black "Henry, Liam"]
[Result "1/2-1/2"]
[WhiteElo "2426"]
[BlackElo "2082"]
[PlyCount "102"]
[EventDate "2017.07.08"]
[EventType "swiss"]
[EventRounds "9"]
[EventCountry "CAN"]
[SourceTitle "EXT 2018"]
[Source "ChessBase"]
[SourceDate "2017.10.13"]
[SourceVersion "1"]
[SourceVersionDate "2017.10.13"]
[SourceQuality "1"]

1. e4 c5 2. Nf3 d6 3. Bb5+ Bd7 4. Bxd7+ Qxd7 5. 0-0 Nf6 6. Qe2 Nc6 7. c3 e6 8. Rd1 Be7 9. d4 cxd4 10. cxd4 d5 11. e5 Ne4 12. Ne1 f5 13. f3 Ng5 14. Nc3 0-0 15. Be3 Rac8 16. Rac1 Nf7 17. Nd3 g5 18. Bf2 b6 19. Rc2 Nb4 20. Nxb4 Bxb4 21. Be1 Bxc3 22. Bxc3 Rc4 23. Rdc1 Rfc8 24. h4 gxh4 25. b3 R4c6 26. Be1 Rxc2 27. Rxc2 Rxc2 28. Qxc2 Qe7 29. Qc8+ Kg7 30. a3 Nh8 31. Bb4 Qf7 32. Qd8 Ng6 33. a4 Kh6 34. Kh2 Kh5 35. Bd2 Qe7 36. Qa8 h6 37. b4 Nf8 38. b5 Nh7 39. a5 bxa5 40. Bxa5 Ng5 41. Bd8 Qd7 42. Bxg5 hxg5 43. Qh8+ Kg6 44. Qf6+ Kh5 45. Kh1 h3 46. gxh3 Qxb5 47. Qh8+ Kg6 48. Qg8+ Kh5 49. Qh8+ Kg6 50. Qf6+ Kh5 51. Qh8+ Kg6 1/2-1/2

[Event "Canadian op 48th"]
[Site "Toronto"]
[Date "2011.07.15"]
[Round "7"]
[White "Henry, Liam"]
[Black "Fedorowicz, John P"]
[Result "0-1"]
[WhiteElo "2150"]
[BlackElo "2454"]
[PlyCount "52"]
[EventDate "2011.07.09"]
[EventType "swiss"]
[EventRounds "9"]
[EventCountry "CAN"]
[SourceTitle "CBM 143 Extra"]
[Source "ChessBase"]
[SourceDate "2011.08.29"]
[SourceVersion "1"]
[SourceVersionDate "2011.08.29"]
[SourceQuality "1"]

1. e4 c5 2. Nf3 e6 3. d4 cxd4 4. Nxd4 a6 5. Bd3 Bc5 6. Nb3 Be7 7. Qg4 g6 8. Qe2 d6 9. Nc3 Qc7 10. 0-0 Nd7 11. Bd2 h5 12. f4 Ngf6 13. Rae1 b5 14. a4 b4 15. Na2 d5 16. exd5 Nxd5 17. Kh1 N7f6 18. c4 bxc3 19. Nxc3 Nb4 20. Bb1 h4 21. f5 gxf5 22. Bxf5 h3 23. Bxh3 Rxh3 24. gxh3 Bb7+ 25. Kg1 Qc6 26. Bf4 Nd3 0-1

[Event "World op 39th"]
[Site "Philadelphia"]
[Date "2011.07.03"]
[Round "6"]
[White "Sharevich, Anna"]
[Black "Henry, Liam"]
[Result "1-0"]
[WhiteElo "2378"]
[BlackElo "2150"]
[PlyCount "43"]
[EventDate "2011.06.30"]
[EventType "swiss"]
[EventRounds "9"]
[EventCountry "USA"]
[SourceTitle "CBM 143 Extra"]
[Source "ChessBase"]
[SourceDate "2011.08.29"]
[SourceVersion "1"]
[SourceVersionDate "2011.08.29"]
[SourceQuality "1"]

1. d4 Nf6 2. c4 g6 3. Nc3 Bg7 4. e4 d6 5. Bg5 0-0 6. Qd2 c5 7. d5 e6 8. Be2 exd5 9. exd5 Qb6 10. Bd3 Re8+ 11. Nge2 Nbd7 12. b3 Ne4 13. Bxe4 Rxe4 14. Nxe4 Bxa1 15. N4c3 f6 16. Bh4 Kg7 17. 0-0 Bxc3 18. Nxc3 Qd8 19. f4 a6 20. Re1 h6 21. Ne4 Qf8 22. Qc3 1-0

[Event "Ottawa RA Fall op"]
[Site "Ottawa"]
[Date "2010.09.14"]
[Round "4"]
[White "Henry, Liam"]
[Black "Qin, Zi Yi"]
[Result "0-1"]
[WhiteElo "2292"]
[BlackElo "2363"]
[PlyCount "132"]
[EventDate "2010.09.24"]
[EventType "swiss"]
[EventRounds "5"]
[EventCountry "CAN"]
[SourceTitle "EXT 2022"]
[Source "ChessBase"]
[SourceDate "2021.10.06"]
[SourceVersion "1"]
[SourceVersionDate "2021.10.06"]
[SourceQuality "1"]

1. e4 c5 2. Nf3 d6 3. d4 cxd4 4. Nxd4 Nf6 5. Nc3 a6 6. Bc4 e6 7. Bb3 Nbd7 8. 0-0 Nc5 9. Bg5 Be7 10. Qe1 0-0 11. Rd1 Nxb3 12. axb3 h6 13. Bh4 Nd7 14. Bxe7 Qxe7 15. f4 Nf6 16. e5 dxe5 17. fxe5 Nd7 18. Qe4 Rb8 19. Rf3 b5 20. Rg3 Bb7 21. Qf4 Kh8 22. Rdd3 f6 23. exf6 Nxf6 24. Qe5 Rbe8 25. Rde3 Qf7 26. h3 b4 27. Na4 Nh5 28. Rg4 Bd5 29. Nc5 Nf6 30. Rgg3 Nh5 31. Rg4 Nf4 32. Reg3 Nh5 33. Re3 Nf6 34. Rf4 Qg6 35. Rf2 Nh5 36. Ree2 Ng3 37. Rd2 Kh7 38. Nd3 Ne4 39. Rxf8 Rxf8 40. Re2 Ng3 41. Rf2 Rxf2 42. Kxf2 Nh1+ 43. Ke3 Qxg2 44. Nf4 Qg3+ 45. Kd2 Nf2 46. Qe3 Ne4+ 47. Kd3 Qh2 48. Ndxe6 Bc6 49. Nf8+ Kg8 50. N8g6 Kh7 51. Ne7 Bb7 52. Nf5 Nf6 53. Nxg7 Be4+ 54. Kd4 Kxg7 55. Nh5+ Nxh5 56. Qxe4 Qf4 57. c4 Kf6 58. Qxf4+ Nxf4 59. Kc5 Nxh3 60. Kxb4 Nf4 61. Ka5 h5 62. b4 h4 63. Kxa6 h3 64. b5 h2 65. b6 Nd3 66. Ka7 Nb4 0-1

[Event "Kitchener"]
[Site "Kitchener"]
[Date "2010.08.02"]
[Round "6"]
[White "Henry, Liam"]
[Black "Kleinman, Michael"]
[Result "0-1"]
[WhiteElo "2288"]
[BlackElo "2248"]
[PlyCount "88"]
[EventDate "2010.07.30"]
[EventType "swiss"]
[EventRounds "7"]
[EventCountry "CAN"]
[SourceTitle "EXT 2022"]
[Source "ChessBase"]
[SourceDate "2021.10.06"]
[SourceVersion "1"]
[SourceVersionDate "2021.10.06"]
[SourceQuality "1"]

1. e4 c5 2. Nf3 d6 3. d4 cxd4 4. Nxd4 Nf6 5. Nc3 g6 6. Be3 Bg7 7. f3 Nc6 8. Qd2 0-0 9. Bc4 Bd7 10. 0-0-0 Rc8 11. Bb3 Nxd4 12. Bxd4 b5 13. Nd5 Nxd5 14. Bxg7 Kxg7 15. exd5 a5 16. a3 b4 17. axb4 axb4 18. h4 Qa5 19. Qd4+ Kg8 20. h5 Bf5 21. Kd2 Rc5 22. Ke3 Bxc2 23. Bxc2 Rxc2 24. hxg6 fxg6 25. Rxh7 e5 26. dxe6 Qg5+ 27. Kd3 Qf5+ 28. Qe4 b3 29. Qxf5 Rxf5 30. Rdh1 Rd5+ 31. Ke4 Re5+ 32. Kf4 Rxg2 33. Rh8+ Kg7 34. R1h7+ Kf6 35. Rf8+ Kxe6 36. Re8+ Kd5 37. Rxe5+ dxe5+ 38. Ke3 Rxb2 39. Rb7 Rb1 40. Kf2 e4 41. fxe4+ Kxe4 42. Re7+ Kd3 43. Re3+ Kd4 44. Re2 b2 0-1

[Event "Canadian op"]
[Site "Toronto"]
[Date "2010.07.10"]
[Round "1"]
[White "Walton, Alan J"]
[Black "Henry, Liam"]
[Result "1-0"]
[WhiteElo "2147"]
[BlackElo "2187"]
[PlyCount "49"]
[EventDate "2010.07.10"]
[EventType "swiss"]
[EventRounds "9"]
[EventCountry "CAN"]
[SourceTitle "CBM 137 Extra"]
[Source "ChessBase"]
[SourceDate "2010.09.01"]
[SourceVersion "1"]
[SourceVersionDate "2010.09.01"]
[SourceQuality "1"]

1. d4 Nf6 2. Bg5 Ne4 3. Bf4 c5 4. f3 Qa5+ 5. c3 Nf6 6. Nd2 cxd4 7. Nb3 Qf5 8. Bxb8 Rxb8 9. Qxd4 b6 10. e4 Qf4 11. Nh3 Qc7 12. e5 Ng8 13. Nf4 e6 14. Nh5 g6 15. Ng3 Bg7 16. f4 Bb7 17. Rd1 f6 18. Bb5 Rd8 19. 0-0 fxe5 20. fxe5 Bxe5 21. Qg4 Ke7 22. Qb4+ d6 23. Rde1 Bxg3 24. Rxe6+ Kxe6 25. Qg4+ 1-0

[Event "CAN-ch"]
[Site "Guelph"]
[Date "2009.08.12"]
[Round "5"]
[White "Henry, Liam"]
[Black "Sapozhnikov, Roman"]
[Result "0-1"]
[WhiteElo "2186"]
[BlackElo "2177"]
[PlyCount "76"]
[EventDate "2009.08.08"]
[EventType "swiss"]
[EventRounds "9"]
[EventCountry "CAN"]
[SourceTitle "CBM 132 Extra"]
[Source "ChessBase"]
[SourceDate "2009.11.03"]
[SourceVersion "1"]
[SourceVersionDate "2009.11.03"]
[SourceQuality "1"]

1. d4 Nf6 2. c4 g6 3. Nc3 Bg7 4. e4 d6 5. Nf3 0-0 6. Be2 e5 7. d5 a5 8. Bg5 h6 9. Bh4 Na6 10. Nd2 Qe8 11. 0-0 Nh7 12. a3 h5 13. f3 Bd7 14. b3 Bh6 15. Rb1 Be3+ 16. Bf2 Bc5 17. Qc1 Qe7 18. Na2 Qg5 19. b4 Bh3 20. g3 Bxf1 21. Kxf1 axb4 22. axb4 Bxf2 23. Kxf2 f5 24. exf5 gxf5 25. Nf1 f4 26. Kg2 Qg6 27. Nc3 Ng5 28. Nd2 fxg3 29. hxg3 h4 30. g4 Qf7 31. Qe1 h3+ 32. Kh1 Qf4 33. Nce4 Nb8 34. Qh4 Nxe4 35. Nxe4 Nd7 36. Ng5 Nf6 37. Qh6 Rf7 38. Nxf7 Qg3 0-1

[Event "Canadian op"]
[Site "Edmonton"]
[Date "2009.07.18"]
[Round "8"]
[White "Daswani, Benedict"]
[Black "Henry, Liam"]
[Result "0-1"]
[WhiteElo "2043"]
[BlackElo "2186"]
[PlyCount "80"]
[EventDate "2009.07.11"]
[EventType "swiss"]
[EventRounds "9"]
[EventCountry "CAN"]
[SourceTitle "CBM 132 Extra"]
[Source "ChessBase"]
[SourceDate "2009.11.03"]
[SourceVersion "1"]
[SourceVersionDate "2009.11.03"]
[SourceQuality "1"]

1. g3 c5 2. d3 g6 3. Bg2 Bg7 4. Nc3 e6 5. Bd2 Ne7 6. e4 0-0 7. Nh3 Nbc6 8. 0-0 Rb8 9. Qc1 b5 10. Bh6 b4 11. Ne2 d5 12. Bxg7 Kxg7 13. Qe3 Rb5 14. Nhf4 a5 15. exd5 exd5 16. Nxd5 Nxd5 17. Bxd5 Nd4 18. c4 bxc3 19. Nxc3 Rxb2 20. Rab1 Rc2 21. Rbc1 Rxc3 22. Rxc3 Qxd5 23. f3 Ne2+ 24. Qxe2 Qd4+ 25. Rf2 Qxc3 26. Kg2 Bf5 27. Qe7 Bxd3 28. h4 c4 29. Qc5 Re8 30. h5 Qe5 31. h6+ Kxh6 32. Qa3 Kg7 33. Rd2 c3 34. Rf2 c2 35. f4 Be4+ 36. Kg1 Qd4 37. f5 gxf5 38. g4 Rb8 39. Kh2 Qxf2+ 40. Kh3 Bg2+ 0-1

[Event "Canadian op"]
[Site "Edmonton"]
[Date "2009.07.14"]
[Round "4"]
[White "Fan, Brendan"]
[Black "Henry, Liam"]
[Result "0-1"]
[WhiteElo "1992"]
[BlackElo "2186"]
[PlyCount "68"]
[EventDate "2009.07.11"]
[EventType "swiss"]
[EventRounds "9"]
[EventCountry "CAN"]
[SourceTitle "CBM 132 Extra"]
[Source "ChessBase"]
[SourceDate "2009.11.03"]
[SourceVersion "1"]
[SourceVersionDate "2009.11.03"]
[SourceQuality "1"]

1. e4 c5 2. Nc3 d6 3. f4 g6 4. Nf3 Bg7 5. Bc4 Nc6 6. d3 e6 7. 0-0 Nge7 8. Qe1 0-0 9. f5 gxf5 10. Qh4 fxe4 11. dxe4 Ng6 12. Qh5 Nce5 13. Bh6 f6 14. Nxe5 Nxe5 15. b3 Qe7 16. Bf4 Bd7 17. Rad1 Rad8 18. Rfe1 Kh8 19. Re3 Be8 20. Qh3 Bf7 21. Bxe5 dxe5 22. Red3 Rd4 23. Nb5 Rxd3 24. Qxd3 f5 25. Nd6 Bg6 26. exf5 exf5 27. Qd5 b6 28. Nb5 f4 29. Qd7 Qg5 30. Nc7 f3 31. g3 Qe3+ 32. Kh1 Be4 33. h4 f2+ 34. Kh2 Qf3 0-1

[Event "Scarborough CC-ch"]
[Site "Toronto"]
[Date "2009.04.09"]
[Round "7"]
[White "Henry, Liam"]
[Black "Siddeley, Hugh"]
[Result "1-0"]
[WhiteElo "2248"]
[BlackElo "2167"]
[PlyCount "101"]
[EventDate "2009.02.26"]
[EventType "tourn"]
[EventRounds "9"]
[EventCountry "CAN"]
[SourceTitle "EXT 2011"]
[Source "ChessBase"]
[SourceDate "2010.11.26"]
[SourceVersion "1"]
[SourceVersionDate "2010.11.26"]
[SourceQuality "1"]

1. e4 c5 2. Nf3 d6 3. d4 cxd4 4. Nxd4 Nf6 5. Nc3 e6 6. Bc4 Be7 7. Bb3 Na6 8. f4 Nc5 9. e5 dxe5 10. fxe5 Nxb3 11. axb3 Nd7 12. Bf4 Nf8 13. Ndb5 Ng6 14. Qxd8+ Bxd8 15. Nd6+ Ke7 16. Rxa7 Rxa7 17. Nxc8+ Kd7 18. Nxa7 Bb6 19. Bg3 Bxa7 20. Rf1 Ke7 21. Nb5 Bb8 22. Nd6 Rf8 23. Nxb7 Bxe5 24. Bxe5 Nxe5 25. Kd2 f5 26. Nc5 Rd8+ 27. Kc3 Ng4 28. Re1 Rd6 29. h3 Nf6 30. b4 Nd5+ 31. Kb3 Nf4 32. b5 Nxg2 33. Rg1 Rd2 34. b6 Kd6 35. b7 Kc7 36. Ra1 Rd6 37. Ra8 Rb6+ 38. Kc3 Nh4 39. b8Q+ Rxb8 40. Na6+ Kb7 41. Rxb8+ Kxa6 42. Re8 Kb5 43. Rxe6 g6 44. Re7 h5 45. Kd4 f4 46. Ke4 f3 47. Rf7 g5 48. Rxf3 Nxf3 49. Kxf3 Kc4 50. Ke4 Kc5 51. Kf5 1-0

[Event "Toronto-A2"]
[Site "Toronto"]
[Date "2009.03.03"]
[Round "6"]
[White "Henry, Liam"]
[Black "Calugar, Arthur"]
[Result "1/2-1/2"]
[WhiteElo "2242"]
[BlackElo "2226"]
[PlyCount "121"]
[EventDate "2009.01.27"]
[EventType "tourn"]
[EventRounds "9"]
[EventCountry "CAN"]
[SourceTitle "EXT 2011"]
[Source "ChessBase"]
[SourceDate "2010.11.26"]
[SourceVersion "1"]
[SourceVersionDate "2010.11.26"]
[SourceQuality "1"]

1. e4 b6 2. d4 Bb7 3. Nc3 e6 4. a3 c5 5. Nf3 cxd4 6. Nxd4 Nc6 7. Be3 Nf6 8. Nxc6 dxc6 9. Qf3 Bd6 10. Bd4 0-0 11. 0-0-0 Qc7 12. Bxf6 Bf4+ 13. Kb1 gxf6 14. Ne2 Be5 15. Ng3 c5 16. Qg4+ Kh8 17. Nh5 f5 18. exf5 Rg8 19. Qe2 Bc6 20. fxe6 fxe6 21. Re1 Bd4 22. c3 Bg7 23. Qe3 Qf7 24. Nxg7 Rxg7 25. f3 Rd8 26. h4 Qf5+ 27. Ka2 Qd5+ 28. c4 Qd2 29. Qxd2 Rxd2 30. Kb1 Ba4 31. g4 Rgd7 32. Be2 Bb3 33. g5 R7d4 34. h5 Bxc4 35. Bxc4 Rxc4 36. Rd1 Rf2 37. Rhf1 Rg2 38. Rg1 Rh2 39. h6 Kg8 40. Rc1 Rf4 41. Rc3 Kf7 42. Rd1 Kg6 43. Rd7 Kxg5 44. Rxh7 Ra4 45. Re3 Rxh6 46. Rxh6 Kxh6 47. Rxe6+ Kg5 48. Kc2 Kf4 49. Rf6+ Ke5 50. Rf7 Rf4 51. Re7+ Kd4 52. Rd7+ Ke5 53. Rd3 c4 54. Rd7 Rxf3 55. Rxa7 Kd4 56. Rd7+ Kc5 57. Rh7 b5 58. Rh5+ Kc6 59. Rg5 Kb6 60. Rg6+ Kc5 61. Rg5+ 1/2-1/2

[Event "Toronto-A2"]
[Site "Toronto"]
[Date "2009.02.09"]
[Round "3"]
[White "Barron, Michael"]
[Black "Henry, Liam"]
[Result "1/2-1/2"]
[WhiteElo "2344"]
[BlackElo "2242"]
[PlyCount "133"]
[EventDate "2009.01.27"]
[EventType "tourn"]
[EventRounds "9"]
[EventCountry "CAN"]
[SourceTitle "EXT 2011"]
[Source "ChessBase"]
[SourceDate "2010.11.26"]
[SourceVersion "1"]
[SourceVersionDate "2010.11.26"]
[SourceQuality "1"]

1. e4 c5 2. Nf3 d6 3. d4 cxd4 4. Nxd4 Nf6 5. Nc3 a6 6. Be2 e5 7. Nb3 Be7 8. 0-0 0-0 9. a4 Nc6 10. Kh1 Be6 11. f4 exf4 12. Bxf4 Rc8 13. Bf3 Ne8 14. Nd5 Bg5 15. Qd2 Bxf4 16. Qxf4 Bxd5 17. exd5 Ne5 18. Nd4 Qf6 19. Qe4 Qg5 20. c3 Nf6 21. Qc2 Nxf3 22. Rxf3 Qxd5 23. Rd1 Rfe8 24. h3 Re5 25. Rfd3 Qe4 26. Qd2 d5 27. Nf3 Ree8 28. Rd4 Qg6 29. Nh4 Qh5 30. Rf1 Re2 31. Qf4 Rxb2 32. Nf5 Re8 33. Qg3 Qg6 34. Rg4 Rb1 35. Rxb1 Qxf5 36. Rxg7+ Kh8 37. Rxb7 Ne4 38. Qf3 Nf2+ 39. Kg1 Qxf3 40. gxf3 Nxh3+ 41. Kh2 Kxg7 42. Kxh3 Re3 43. Kg3 Rxc3 44. Rb6 a5 45. Rb5 d4 46. Rxa5 Rc4 47. Ra8 Kf6 48. a5 Kf5 49. a6 Ra4 50. a7 f6 51. Rd8 Rxa7 52. Rxd4 Rg7+ 53. Kf2 h5 54. Rd5+ Kg6 55. Kg3 Re7 56. Ra5 Re5 57. Ra4 Rc5 58. Rb4 Kg5 59. Ra4 Rc3 60. Ra5+ f5 61. Ra4 Re3 62. Rb4 Re6 63. f4+ Kg6 64. Kh4 Kh6 65. Rb5 Rf6 66. Ra5 Kg6 67. Rb5 1/2-1/2

[Event "Kitchener Oktoberfest op"]
[Site "Kitchener"]
[Date "2008.10.18"]
[Round "2"]
[White "Hambleton, Aman"]
[Black "Henry, Liam"]
[Result "0-1"]
[WhiteElo "2058"]
[BlackElo "2247"]
[PlyCount "110"]
[EventDate "2008.10.17"]
[EventType "swiss"]
[EventRounds "5"]
[EventCountry "CAN"]
[SourceTitle "EXT 2011"]
[Source "ChessBase"]
[SourceDate "2010.11.26"]
[SourceVersion "1"]
[SourceVersionDate "2010.11.26"]
[SourceQuality "1"]

1. d4 Nf6 2. c4 e6 3. Nf3 Bb4+ 4. Bd2 Qe7 5. a3 Bxd2+ 6. Qxd2 b6 7. Nc3 Bb7 8. g3 0-0 9. Bg2 d6 10. 0-0 Nbd7 11. d5 e5 12. Qc2 g6 13. e4 Nh5 14. Rfe1 Qd8 15. Bh3 Bc8 16. b4 Ndf6 17. Bg2 Ne8 18. c5 f5 19. cxd6 cxd6 20. Rac1 f4 21. Nb5 Rf7 22. Qc6 Bd7 23. Nxd6 Bxc6 24. Nxf7 Kxf7 25. Nxe5+ Kg8 26. Nxc6 Qg5 27. e5 Neg7 28. d6 Rf8 29. d7 fxg3 30. hxg3 Qd2 31. d8Q Qxf2+ 32. Kh1 Rxd8 33. Nxd8 Nf5 34. Ne6 Kf7 35. Ng5+ Ke7 36. Rc7+ Kf8 37. Rd1 Nhxg3+ 38. Kh2 Nf1+ 39. Rxf1 Qg3+ 40. Kg1 Qxg5 41. Rxh7 Qe3+ 42. Rf2 a5 43. bxa5 bxa5 44. Rh3 Qxe5 45. Rhf3 Kg7 46. Bh3 Nh4 47. Rf4 g5 48. Rf7+ Kg6 49. Bg4 Qg3+ 50. Kh1 Qe5 51. Bd7 Qd5+ 52. Kg1 Qd4 53. Kh2 Kh6 54. R7f6+ Ng6 55. R2f3 Qe5+ 0-1